| 000 | 00705nam a2200217Ia 4500 | ||
|---|---|---|---|
| 005 | 20211201153114.0 | ||
| 008 | 131103s9999 xx 000 0 und d | ||
| 040 | _aLoreto College | ||
| 041 | _aEnglish | ||
| 082 |
_a320.5 _bMAR |
||
| 100 | _aMarx, Karl | ||
| 245 | 4 |
_aThe Communist manifesto of Karl Marx and Friedrich Engels _cwith an introduction and explanatory notes by D. Ryazanoff |
|
| 260 |
_aCalcutta _bRadical Book Club _c1944(1975 printing) |
||
| 300 | _aviii,360 p. | ||
| 504 | _aIncludes bibliographical references and index | ||
| 650 | _aPolitics - Political Ideology - Marxism - | ||
| 651 | _aPolitical Science - | ||
| 700 | _aEngels, Friedrich | ||
| 850 | _aLCLIB | ||
| 942 | _cBK | ||
| 999 |
_c419 _d50898 |
||